00379 2200157 4500001002100000005001500021035002000036245002900056100001800085300002800103260003400131082000800165084001400173020002200187990001200209INLIS00000000000315320251126095137 a0010-11250000141 aGalaksi /cPoppi Pertiwi0 aPoppi Pertiwi a491 hlm ;c14 x 19,5 cm aDepok :bCoconut Books,c2018 a813 a813 POP g a978-602-5508-45-5 a0754568